<?xml version="1.0" encoding="UTF-8"?>
<record
    xmlns:xsi="http://www.w3.org/2001/XMLSchema-instance"
    xsi:schemaLocation="http://www.loc.gov/MARC21/slim http://www.loc.gov/standards/marcxml/schema/MARC21slim.xsd"
    xmlns="http://www.loc.gov/MARC21/slim">

  <leader>01610nam a22002177a 4500</leader>
  <controlfield tag="005">20251210160806.0</controlfield>
  <controlfield tag="008">240130b           ||||| |||| 00| 0 eng d</controlfield>
  <datafield tag="020" ind1=" " ind2=" ">
    <subfield code="a">9789386215963</subfield>
  </datafield>
  <datafield tag="040" ind1=" " ind2=" ">
    <subfield code="c">AL</subfield>
  </datafield>
  <datafield tag="041" ind1=" " ind2=" ">
    <subfield code="a">eng</subfield>
  </datafield>
  <datafield tag="082" ind1=" " ind2=" ">
    <subfield code="a">820.33</subfield>
    <subfield code="b">DIVP</subfield>
  </datafield>
  <datafield tag="100" ind1=" " ind2=" ">
    <subfield code="a">Chitra Banerjee Divakaruni</subfield>
    <subfield code="9">248710</subfield>
  </datafield>
  <datafield tag="245" ind1=" " ind2=" ">
    <subfield code="a">Palace of Illusions</subfield>
  </datafield>
  <datafield tag="260" ind1=" " ind2=" ">
    <subfield code="a">New York</subfield>
    <subfield code="b">Picador India</subfield>
    <subfield code="c">2019</subfield>
  </datafield>
  <datafield tag="300" ind1=" " ind2=" ">
    <subfield code="a">xxii,360p</subfield>
    <subfield code="b">PB</subfield>
    <subfield code="c">20x13cm</subfield>
  </datafield>
  <datafield tag="365" ind1=" " ind2=" ">
    <subfield code="2">English</subfield>
    <subfield code="a">7389</subfield>
    <subfield code="b">399.00</subfield>
    <subfield code="c">&#x20B9;</subfield>
    <subfield code="d">499.00</subfield>
    <subfield code="e">&#x20B9;</subfield>
    <subfield code="f">20%</subfield>
    <subfield code="g">24-01-2024</subfield>
  </datafield>
  <datafield tag="520" ind1=" " ind2=" ">
    <subfield code="a">An epic story ... poignantly told&#x2019; Hindustan Times &#x2018;Radiant ... A charming and remarkable book&#x2019; Houston Chronicle &#x2018;As bright a gem as the Hope Diamond&#x2019;Los Angeles Times &#x2018;A daring novel&#x2019; Vogue IndiaBe taken back to a time that is half history, half myth, and wholly magical &#x2026;First published in 2008, Chitra Banerjee Divakaruni's The Palace of Illusions has received wide acclaim for giving a woman's take on the timeless tale that is the Mahabharata. Narrated by Panchaali, wife of the five Pandava brothers, the novel traces her life from fiery birth and lonely childhood, where her beloved brother is her only true companion; through her complicated friendship with the enigmatic Krishna; to marriage, motherhood and her secret attraction to the mysterious man who is her husbands&#x2019; most dangerous enemy. This tenth anniversary edition, complete with a new author&#x2019;s note, celebrates once again a remarkable and deeply human story about a woman born into a man&#x2019;s world.</subfield>
  </datafield>
  <datafield tag="650" ind1=" " ind2=" ">
    <subfield code="a">Indian English Fiction</subfield>
    <subfield code="9">149305</subfield>
  </datafield>
  <datafield tag="650" ind1=" " ind2=" ">
    <subfield code="a">Indian English Literature</subfield>
    <subfield code="9">149306</subfield>
  </datafield>
  <datafield tag="942" ind1=" " ind2=" ">
    <subfield code="2">ddc</subfield>
    <subfield code="c">BK</subfield>
  </datafield>
  <datafield tag="999" ind1=" " ind2=" ">
    <subfield code="c">229690</subfield>
    <subfield code="d">229690</subfield>
  </datafield>
  <datafield tag="952" ind1=" " ind2=" ">
    <subfield code="0">0</subfield>
    <subfield code="1">0</subfield>
    <subfield code="2">ddc</subfield>
    <subfield code="4">0</subfield>
    <subfield code="7">0</subfield>
    <subfield code="8">ENG</subfield>
    <subfield code="a">AL</subfield>
    <subfield code="b">AL</subfield>
    <subfield code="d">2024-01-29</subfield>
    <subfield code="e">Biblios Book Point Surathkal Mangalore 575014</subfield>
    <subfield code="g">399.00</subfield>
    <subfield code="l">14</subfield>
    <subfield code="m">2</subfield>
    <subfield code="o">820.33 DIVP</subfield>
    <subfield code="p">077059</subfield>
    <subfield code="r">2026-05-11 14:17:14</subfield>
    <subfield code="s">2026-05-02</subfield>
    <subfield code="v">499.00</subfield>
    <subfield code="w">2024-01-30</subfield>
    <subfield code="y">BK</subfield>
  </datafield>
</record>
